[Event "Oberliga Ost-A 0910"]
[Site "Germany"]
[Date "2010.02.28"]
[Round "8.6"]
[White "Richter, Gerhard"]
[Black "Brueggemann, Florian"]
[Result "0-1"]
[WhiteElo "1940"]
[BlackElo "2020"]
[PlyCount "82"]
[EventDate "2009.10.18"]
[EventType "team-tourn"]
[EventRounds "11"]
[EventCountry "GER"]
[SourceTitle "EXT 2011"]
[Source "ChessBase"]
[SourceDate "2010.11.26"]
[SourceVersion "1"]
[SourceVersionDate "2010.11.26"]
[SourceQuality "1"]
[WhiteTeam "Jena Schott"]
[BlackTeam "Magdeburg Aufbau Elbe"]
[WhiteTeamCountry "GER"]
[BlackTeamCountry "GER"]

1. Nf3 e6 2. g3 Be7 3. Bg2 h5 4. h4 Nh6 5. d3 Ng4 6. c4 d6 7. Nc3 c6 8. e4 Nd7 9. Ng5 Nf8 10. Qe2 e5 11. f3 Nh6 12. Be3 a6 13. Rd1 f6 14. Nh3 b5 15. Nf2 Qa5 16. Bd2 b4 17. Nb1 Ne6 18. a3 d5 19. axb4 Bxb4 20. Bxb4 Qxb4+ 21. Qd2 Qxd2+ 22. Rxd2 dxc4 23. dxc4 Nd4 24. Nd3 Be6 25. Na3 Ke7 26. Nc5 Rhb8 27. Nxe6 Kxe6 28. Kf2 c5 29. Rb1 Rb3 30. Nc2 Rab8 31. Nxd4+ exd4 32. Bf1 Nf7 33. f4 g5 34. Be2 g4 35. Bd1 Re3 36. Bc2 Nd6 37. Ra1 Nxc4 38. Rxa6+ Ke7 39. Ra7+ Kd6 40. Ra6+ Kc7 41. Re2 Rxb2 0-1

[Event "Bad Woerishofen Seniors op 24th"]
[Site "Bad Woerishofen"]
[Date "2008.03.03"]
[Round "5"]
[White "Richter, Gerhard"]
[Black "Kaiser, Hans"]
[Result "1/2-1/2"]
[WhiteElo "1742"]
[BlackElo "1640"]
[PlyCount "31"]
[EventDate "2008.02.28"]
[EventType "swiss"]
[EventRounds "9"]
[EventCountry "GER"]
[SourceTitle "EXT 2022"]
[Source "ChessBase"]
[SourceDate "2021.10.06"]
[SourceVersion "1"]
[SourceVersionDate "2021.10.06"]
[SourceQuality "1"]

1. g3 Nf6 2. Bg2 e5 3. d3 d5 4. Nc3 Bc5 5. Nf3 d4 6. Ne4 Nxe4 7. dxe4 f6 8. 0-0 0-0 9. c3 Nc6 10. b4 Bb6 11. a4 a5 12. b5 Ne7 13. Qb3+ Kh8 14. Rd1 c5 15. e3 Qc7 16. cxd4 1/2-1/2

[Event "Bad Woerishofen Seniors op 24th"]
[Site "Bad Woerishofen"]
[Date "2008.03.02"]
[Round "4"]
[White "Groenegress, Wilfried"]
[Black "Richter, Gerhard"]
[Result "1-0"]
[WhiteElo "2002"]
[BlackElo "1742"]
[PlyCount "32"]
[EventDate "2008.02.28"]
[EventType "swiss"]
[EventRounds "9"]
[EventCountry "GER"]
[SourceTitle "EXT 2022"]
[Source "ChessBase"]
[SourceDate "2021.10.06"]
[SourceVersion "1"]
[SourceVersionDate "2021.10.06"]
[SourceQuality "1"]

1. e4 d5 2. exd5 Qxd5 3. Nc3 Qd6 4. d4 Nf6 5. Nf3 c6 6. Ne5 Nbd7 7. Nc4 Qc7 8. Qf3 Nb6 9. Bf4 Qd8 10. Be5 Be6 11. Ne3 Nfd5 12. Nexd5 Nxd5 13. Bd3 Qa5 14. 0-0 f6 15. Bg3 Bf7 16. Nxd5 Bxd5 1-0

[Event "GER-ch Seniors Gp-A 19th"]
[Site "Templin"]
[Date "2007.08.30"]
[Round "8"]
[White "Richter, Gerhard"]
[Black "Bartlitz, Heinz"]
[Result "1/2-1/2"]
[WhiteElo "1774"]
[BlackElo "1631"]
[PlyCount "39"]
[EventDate "2007.08.23"]
[EventType "swiss"]
[EventRounds "9"]
[EventCountry "GER"]
[SourceTitle "EXT 2022"]
[Source "ChessBase"]
[SourceDate "2021.10.06"]
[SourceVersion "1"]
[SourceVersionDate "2021.10.06"]
[SourceQuality "1"]

1. e4 d6 2. d4 Nf6 3. f3 c6 4. c4 Qb6 5. Nc3 e5 6. Be3 Be7 7. Qd2 Qc7 8. Be2 Nbd7 9. Nh3 a6 10. 0-0 0-0 11. f4 exf4 12. Bxf4 Qd8 13. Rad1 b5 14. Nf2 Nb6 15. b3 h6 16. h3 Nh7 17. d5 b4 18. Nb1 c5 19. a4 a5 20. e5 1/2-1/2

[Event "GER-ch Seniors Gp-A 19th"]
[Site "Templin"]
[Date "2007.08.26"]
[Round "4"]
[White "Richter, Gerhard"]
[Black "Kopczak, Ruediger"]
[Result "1/2-1/2"]
[WhiteElo "1774"]
[BlackElo "1811"]
[PlyCount "63"]
[EventDate "2007.08.23"]
[EventType "swiss"]
[EventRounds "9"]
[EventCountry "GER"]
[SourceTitle "EXT 2022"]
[Source "ChessBase"]
[SourceDate "2021.10.06"]
[SourceVersion "1"]
[SourceVersionDate "2021.10.06"]
[SourceQuality "1"]

1. e4 c5 2. Nc3 e6 3. Nf3 Nc6 4. Bb5 Qc7 5. Bxc6 bxc6 6. d3 d5 7. 0-0 d4 8. Ne2 e5 9. c4 g6 10. h3 h5 11. Nh2 Bh6 12. f4 Ne7 13. fxe5 Bxc1 14. Qxc1 Qxe5 15. Nf3 Qg7 16. Qg5 f5 17. e5 Qh6 18. Nf4 a5 19. Rae1 a4 20. Re2 Kd7 21. Qxh6 Rxh6 22. Ng5 Kc7 23. h4 Kb6 24. Kh1 Rh8 25. e6 Kc7 26. Re5 Ra5 27. Ne2 Kb6 28. Nf7 Rf8 29. Nd6 Ra8 30. Nxc8+ Rfxc8 31. Nf4 Kc7 32. Rfe1 1/2-1/2

[Event "GER-ch Seniors Gp-A 19th"]
[Site "Templin"]
[Date "2007.08.23"]
[Round "1"]
[White "Hohn, August"]
[Black "Richter, Gerhard"]
[Result "1-0"]
[WhiteElo "2006"]
[BlackElo "1774"]
[PlyCount "65"]
[EventDate "2007.08.23"]
[EventType "swiss"]
[EventRounds "9"]
[EventCountry "GER"]
[SourceTitle "EXT 2022"]
[Source "ChessBase"]
[SourceDate "2021.10.06"]
[SourceVersion "1"]
[SourceVersionDate "2021.10.06"]
[SourceQuality "1"]

1. c4 g6 2. Nc3 Bg7 3. g3 f5 4. Bg2 Nf6 5. Nf3 d6 6. d4 0-0 7. 0-0 Qe8 8. d5 a5 9. Nd4 Na6 10. e4 fxe4 11. Nxe4 Nxe4 12. Bxe4 Nc5 13. Bg2 Bd7 14. Bg5 Qf7 15. Qd2 Rae8 16. Rae1 b6 17. Bh6 Bxh6 18. Qxh6 Qg7 19. Qd2 Kh8 20. f4 e5 21. dxe6 Nxe6 22. Nxe6 Bxe6 23. Bc6 Re7 24. Rf3 Bxc4 25. Rxe7 Qxe7 26. Qc3+ Qf6 27. Qxc4 Qxb2 28. Qc3+ Qxc3 29. Rxc3 Rf7 30. Kf2 Kg7 31. Re3 Kf6 32. g4 h5 33. Bd5 1-0

[Event "GER-ch Seniors 18th"]
[Site "Dresden"]
[Date "2006.07.29"]
[Round "8"]
[White "Friedrich, Ekkehard"]
[Black "Richter, Gerhard"]
[Result "0-1"]
[WhiteElo "1663"]
[BlackElo "1784"]
[PlyCount "66"]
[EventDate "2006.07.22"]
[EventType "swiss"]
[EventRounds "9"]
[EventCountry "GER"]
[SourceTitle "EXT 2022"]
[Source "ChessBase"]
[SourceDate "2021.10.06"]
[SourceVersion "1"]
[SourceVersionDate "2021.10.06"]
[SourceQuality "1"]

1. e4 d6 2. Nc3 Nf6 3. d4 c6 4. Nf3 Bg4 5. Be2 e6 6. h3 Bxf3 7. Bxf3 d5 8. e5 Nfd7 9. Ne2 c5 10. c3 Nc6 11. 0-0 Qb6 12. Rb1 a5 13. a4 Be7 14. Be3 0-0 15. Nf4 Rac8 16. Bg4 cxd4 17. cxd4 Nb4 18. Qb3 Rc6 19. Rbc1 Rfc8 20. Rc3 Rxc3 21. bxc3 Na6 22. Rb1 Qxb3 23. Rxb3 Rc7 24. Kf1 b6 25. Ke1 Nab8 26. Be2 g5 27. Nd3 f5 28. f4 h6 29. g4 Kf7 30. Kd2 Nc6 31. gxf5 exf5 32. Bh5+ Ke6 33. Ke2 Ncb8 0-1

[Event "GER-ch Seniors 18th"]
[Site "Dresden"]
[Date "2006.07.23"]
[Round "2"]
[White "Rellstab, Ludwig Jr"]
[Black "Richter, Gerhard"]
[Result "1-0"]
[WhiteElo "1971"]
[BlackElo "1784"]
[PlyCount "85"]
[EventDate "2006.07.22"]
[EventType "swiss"]
[EventRounds "9"]
[EventCountry "GER"]
[SourceTitle "EXT 2022"]
[Source "ChessBase"]
[SourceDate "2021.10.06"]
[SourceVersion "1"]
[SourceVersionDate "2021.10.06"]
[SourceQuality "1"]

1. e4 d5 2. exd5 Qxd5 3. Nc3 Qd6 4. Bc4 Nf6 5. d3 c6 6. h3 e5 7. Nf3 Nbd7 8. 0-0 Be7 9. Re1 b5 10. Bb3 b4 11. Ne2 Nc5 12. Ng3 e4 13. dxe4 Qxd1 14. Rxd1 Nfxe4 15. Nxe4 Nxe4 16. Ne5 0-0 17. Nxc6 Bc5 18. Be3 Bxe3 19. fxe3 Re8 20. Nxb4 Nc5 21. Nd5 Rb8 22. Nc7 Rf8 23. Rd4 Nxb3 24. axb3 Rb7 25. Nd5 f6 26. Rad1 Kf7 27. Nc3 Bf5 28. e4 Be6 29. Rd8 Rxd8 30. Rxd8 Ke7 31. Rd4 Bd7 32. Kf2 Ke6 33. Ke3 g5 34. Nd5 h5 35. Rd2 Ke5 36. Nc3 Ke6 37. Nd5 Ke5 38. b4 Be6 39. c4 f5 40. exf5 Bxf5 41. c5 Rb5 42. Ne7 Rxb4 43. Nc6+ 1-0

[Event "Wuerttemberg-ch Seniors 18th"]
[Site "Freudenstadt"]
[Date "2006.05.10"]
[Round "7"]
[White "Geier, Berthold"]
[Black "Richter, Gerhard"]
[Result "0-1"]
[WhiteElo "1525"]
[BlackElo "1776"]
[PlyCount "54"]
[EventDate "2006.05.04"]
[EventType "swiss"]
[EventRounds "9"]
[EventCountry "GER"]
[SourceTitle "EXT 2007"]
[Source "ChessBase"]
[SourceDate "2006.11.23"]
[SourceVersion "1"]
[SourceVersionDate "2006.11.23"]
[SourceQuality "1"]

1. d4 g6 2. c3 f5 3. g3 Nf6 4. Bg2 Bg7 5. Qb3 d5 6. Bf4 c6 7. Nf3 Qb6 8. Nbd2 Nbd7 9. 0-0 Nh5 10. Qxb6 axb6 11. Be5 Nxe5 12. dxe5 Bh6 13. a3 0-0 14. Rad1 f4 15. Nd4 Ng7 16. N2f3 g5 17. h4 fxg3 18. fxg3 gxh4 19. Nxh4 Be3+ 20. Kh2 Bg4 21. Bf3 Bd7 22. Bg2 e6 23. Rxf8+ Rxf8 24. Rf1 Rxf1 25. Bxf1 Bc1 26. c4 Bxb2 27. e3 Bxa3 0-1

[Event "Bad Woerishofen Seniors opA 22th"]
[Site "Bad Woerishofen"]
[Date "2006.03.18"]
[Round "2"]
[White "Richter, Gerhard"]
[Black "Narr, Irmgard"]
[Result "1-0"]
[WhiteElo "1783"]
[BlackElo "1426"]
[PlyCount "61"]
[EventDate "2006.03.17"]
[EventType "swiss"]
[EventRounds "9"]
[EventCountry "GER"]
[SourceTitle "EXT 2022"]
[Source "ChessBase"]
[SourceDate "2021.10.06"]
[SourceVersion "1"]
[SourceVersionDate "2021.10.06"]
[SourceQuality "1"]

1. e4 e6 2. d3 c5 3. Nf3 Nc6 4. Nbd2 d6 5. g3 Nf6 6. Bg2 Be7 7. 0-0 0-0 8. Re1 e5 9. Nc4 Be6 10. Ne3 Qd7 11. Ng5 h6 12. Nxe6 Qxe6 13. c3 Bd8 14. Nf5 Kh7 15. Be3 Ne7 16. Qf3 Nxf5 17. exf5 Qd7 18. g4 Rh8 19. Rab1 Rb8 20. h4 b6 21. g5 hxg5 22. hxg5 Ne8 23. Bh3 d5 24. Kg2 e4 25. dxe4 Bc7 26. Bg4 Kg8 27. Rh1 Nd6 28. Rxh8+ Kxh8 29. Qh3+ Kg8 30. Rh1 Kf8 31. e5 1-0

[Event "Bad Woerishofen Seniors op 21st"]
[Site "Bad Woerishofen"]
[Date "2005.03.09"]
[Round "7"]
[White "Richter, Gerhard"]
[Black "Malin, Klaus"]
[Result "0-1"]
[WhiteElo "1757"]
[BlackElo "1691"]
[PlyCount "172"]
[EventDate "2005.03.03"]
[EventType "swiss"]
[EventRounds "9"]
[EventCountry "GER"]
[SourceTitle "EXT 2006"]
[Source "ChessBase"]
[SourceDate "2005.11.24"]
[SourceVersion "1"]
[SourceVersionDate "2005.11.24"]
[SourceQuality "1"]

1. e4 e5 2. Nf3 Nc6 3. Bc4 Bc5 4. c3 h6 5. b4 Bb6 6. a4 a6 7. d3 Nf6 8. Nbd2 d6 9. Bb3 0-0 10. Nc4 Ba7 11. h3 Be6 12. Be3 b5 13. Ncd2 Qd7 14. Bxa7 Nxa7 15. Nf1 Nh5 16. Ne3 Nf4 17. Bc2 Nc6 18. g4 g6 19. d4 exd4 20. Nxd4 Ne5 21. f3 Rad8 22. Kf2 d5 23. axb5 axb5 24. h4 dxe4 25. Bxe4 Bd5 26. Nxd5 Nxd5 27. Ne2 Qe6 28. Qb3 Nc4 29. Nd4 Qb6 30. Rad1 c6 31. Rhe1 Rfe8 32. Qc2 Qc7 33. Bxd5 Qh2+ 34. Kf1 Qh1+ 35. Kf2 Qxh4+ 36. Kf1 cxd5 37. Qf2 Qh2 38. Qg1 Ne3+ 39. Rxe3 Qxg1+ 40. Kxg1 Rxe3 41. Rc1 Rb8 42. Kf2 Ree8 43. Nc6 Ra8 44. Rc2 h5 45. g5 Kg7 46. Nd4 Rab8 47. Nb3 f6 48. gxf6+ Kxf6 49. Rd2 Red8 50. Nd4 Rb6 51. Nb3 Rbd6 52. Nc5 g5 53. Kg3 Kf5 54. Rd4 h4+ 55. Kh3 Rb8 56. Kg2 Rdd8 57. Kf2 Ke5 58. Rg4 Kf6 59. Rd4 Rbc8 60. Kg2 Rc7 61. Kh3 Re7 62. Kg4 Re3 63. Ne4+ Kg6 64. Nxg5 Rxc3 65. Ne6 Rd6 66. Nf4+ Kh6 67. Rxd5 Rxd5 68. Nxd5 Rc4+ 69. f4 Rd4 70. Ne3 Rxb4 71. Nf5+ Kg6 72. Nxh4+ Kf6 73. Nf3 Rb1 74. Ne5 b4 75. Nd7+ Kg7 76. Kf5 b3 77. Nc5 Rb2 78. Ne6+ Kf7 79. Nc5 Ke7 80. Na4 Rd2 81. Ke4 b2 82. Nc3 Rc2 83. Nb1 Rc1 84. Na3 b1Q+ 85. Nxb1 Rxb1 86. Kf5 Kf7 0-1

[Event "Oberliga Ost-B 0405"]
[Site "Germany"]
[Date "2004.10.10"]
[Round "1.7"]
[White "Richter, Gerhard"]
[Black "Krueger, Rainer"]
[Result "1/2-1/2"]
[WhiteElo "2044"]
[BlackElo "2243"]
[PlyCount "60"]
[EventDate "2004.10.10"]
[EventType "team-tourn"]
[EventRounds "11"]
[EventCountry "GER"]
[SourceTitle "EXT 2006"]
[Source "ChessBase"]
[SourceDate "2005.11.24"]
[SourceVersion "1"]
[SourceVersionDate "2005.11.24"]
[SourceQuality "1"]
[WhiteTeam "Jena Glas"]
[BlackTeam "Erfurt SK II"]
[WhiteTeamCountry "GER"]
[BlackTeamCountry "GER"]

1. Nf3 Nf6 2. g3 g6 3. Bg2 Bg7 4. d4 0-0 5. 0-0 d5 6. c4 c6 7. cxd5 cxd5 8. Ne5 e6 9. Nc3 Nfd7 10. f4 Nc6 11. b3 Qa5 12. Qd3 f6 13. Nf3 f5 14. Bd2 Nf6 15. Ne5 Qb6 16. e3 Bd7 17. Na4 Nxe5 18. dxe5 Bxa4 19. bxa4 Ne4 20. Rab1 Qc6 21. Rfc1 Qxa4 22. Rxb7 Rfc8 23. Bxe4 fxe4 24. Qb3 Qxb3 25. Rxc8+ Rxc8 26. axb3 Bf8 27. Bb4 Bxb4 28. Rxb4 Rc7 29. Kf2 h5 30. h4 Kf7 1/2-1/2

[Event "GER-chA Seniors 16th"]
[Site "Templin"]
[Date "2004.09.07"]
[Round "4"]
[White "Richter, Gerhard"]
[Black "Pooth, Richard"]
[Result "1-0"]
[WhiteElo "1792"]
[BlackElo "1769"]
[PlyCount "76"]
[EventDate "2004.09.04"]
[EventType "swiss"]
[EventRounds "9"]
[EventCountry "GER"]
[SourceTitle "EXT 2005"]
[Source "ChessBase"]
[SourceDate "2004.11.15"]
[SourceVersion "1"]
[SourceVersionDate "2004.11.15"]
[SourceQuality "1"]

1. e4 c5 2. Nc3 Nc6 3. g3 d6 4. d3 g6 5. Bg2 Bg7 6. Be3 Nf6 7. h3 0-0 8. Qd2 Re8 9. f4 Bd7 10. Nge2 Rb8 11. 0-0 b5 12. g4 b4 13. Nd1 h5 14. g5 Nh7 15. d4 cxd4 16. Nxd4 Nxd4 17. Bxd4 Bxd4+ 18. Qxd4 Qb6 19. Qxb6 Rxb6 20. Ne3 Bb5 21. Rfd1 e6 22. Rd3 Kf8 23. h4 Ke7 24. f5 Kd7 25. fxe6+ fxe6 26. Bh3 Ke7 27. a4 Ba6 28. Rd4 Rf8 29. Bf1 Bxf1 30. Rxf1 a5 31. Rc4 Kd7 32. Kg2 Z0 33. Rf3 Rbb8 34. Rd4 Ke7 35. Nc4 Rbc8 36. b3 Rxf3 37. Kxf3 Rc5 38. Rd2 Nf8 1-0

[Event "GER-chA Seniors 16th"]
[Site "Templin"]
[Date "2004.09.05"]
[Round "2"]
[White "Richter, Gerhard"]
[Black "Krueger, Sigurd"]
[Result "1/2-1/2"]
[WhiteElo "1792"]
[BlackElo "1769"]
[PlyCount "63"]
[EventDate "2004.09.04"]
[EventType "swiss"]
[EventRounds "9"]
[EventCountry "GER"]
[SourceTitle "EXT 2005"]
[Source "ChessBase"]
[SourceDate "2004.11.15"]
[SourceVersion "1"]
[SourceVersionDate "2004.11.15"]
[SourceQuality "1"]

1. g3 d5 2. Bg2 e5 3. d3 Nf6 4. a3 c6 5. Nd2 Be6 6. Ngf3 Bd6 7. e4 h6 8. 0-0 d4 9. c4 Nbd7 10. b4 b6 11. Bb2 c5 12. Qa4 0-0 13. Nh4 a5 14. b5 Rc8 15. Nf5 Bc7 16. h3 Kh7 17. g4 g6 18. Ng3 Kg7 19. Qd1 Nh7 20. Nf3 Ng5 21. Bc1 Nxf3+ 22. Qxf3 Qf6 23. Qxf6+ Nxf6 24. f4 exf4 25. Bxf4 Nd7 26. Ne2 Ne5 27. Bxe5+ Bxe5 28. Nf4 Bxf4 29. Rxf4 Rce8 30. Raf1 Bd7 31. Kh2 Re5 32. Rf6 1/2-1/2

[Event "Oberliga Ost-B 0304"]
[Site "Germany"]
[Date "2004.04.24"]
[Round "10.6"]
[White "Richter, Gerhard"]
[Black "Herges, Udo"]
[Result "1-0"]
[WhiteElo "2087"]
[BlackElo "2123"]
[PlyCount "151"]
[EventDate "2003.11.02"]
[EventType "team-tourn"]
[EventRounds "11"]
[EventCountry "GER"]
[SourceTitle "EXT 2005"]
[Source "ChessBase"]
[SourceDate "2004.11.15"]
[SourceVersion "1"]
[SourceVersionDate "2004.11.15"]
[SourceQuality "1"]
[WhiteTeam "Jena Glas"]
[BlackTeam "Frankfurt FTG"]
[WhiteTeamCountry "GER"]
[BlackTeamCountry "GER"]

1. Nf3 Nf6 2. g3 d6 3. d4 Nbd7 4. Bg2 e5 5. 0-0 Be7 6. c4 c6 7. Nc3 0-0 8. Qc2 Qc7 9. h3 Re8 10. e4 b5 11. c5 dxc5 12. dxe5 Nxe5 13. Nxe5 Qxe5 14. Bf4 Qe6 15. Rad1 Bb7 16. Bc1 Rad8 17. f4 b4 18. Na4 Ba6 19. Rfe1 Qc4 20. Qxc4 Bxc4 21. b3 Bb5 22. Nb2 Nd7 23. Be3 Nb6 24. Rc1 Rd7 25. Bf1 Red8 26. Kf2 a5 27. Bxb5 cxb5 28. Bxc5 Bxc5+ 29. Rxc5 Rd2+ 30. Re2 a4 31. Rxb5 a3 32. Nc4 Nxc4 33. bxc4 R2d4 34. Rxb4 Rc8 35. Rb3 Rdxc4 36. Rxa3 g6 37. Rd3 Ra8 38. a3 Rca4 39. Ree3 Re8 40. Kf3 h5 41. e5 Rea8 42. g4 hxg4+ 43. Kxg4 R8a7 44. h4 Kg7 45. Rf3 R7a5 46. Rde3 Rc5 47. Kg3 Rc2 48. Rc3 Ra2 49. Rfe3 Ra7 50. Kg4 Ra4 51. Kg5 Rg2+ 52. Rg3 Rf2 53. Rcf3 Re2 54. h5 gxh5 55. Kxh5+ Kh8 56. Kg5 Kg7 57. Kf5+ Kf8 58. Re3 Rf2 59. Rgf3 Ra2 60. Rd3 Ke7 61. Rb3 Ra7 62. Rfe3 Ra1 63. Kg5 Rg1+ 64. Rg3 Re1 65. Rbe3 Rf1 66. Kf5 Ra4 67. Re4 Ra7 68. Rb4 Ra1 69. Rbb3 Re1 70. Rge3 Rf1 71. Rb6 Ra1 72. e6 R1xa3 73. Rxa3 Rxa3 74. Rb7+ Ke8 75. Rxf7 Rf3 76. Ke5 1-0

[Event "Oberliga Ost-B 0304"]
[Site "Germany"]
[Date "2004.03.28"]
[Round "9.8"]
[White "Richter, Gerhard"]
[Black "Wiegel, Joerg"]
[Result "1-0"]
[WhiteElo "2087"]
[BlackElo "2075"]
[PlyCount "93"]
[EventDate "2003.11.02"]
[EventType "team-tourn"]
[EventRounds "11"]
[EventCountry "GER"]
[SourceTitle "EXT 2005"]
[Source "ChessBase"]
[SourceDate "2004.11.15"]
[SourceVersion "1"]
[SourceVersionDate "2004.11.15"]
[SourceQuality "1"]
[WhiteTeam "Jena Glas"]
[BlackTeam "Kassel Hermania"]
[WhiteTeamCountry "GER"]
[BlackTeamCountry "GER"]

1. Nf3 g6 2. g3 Bg7 3. d4 d6 4. Bg2 c6 5. c4 Nd7 6. 0-0 h6 7. Nc3 e5 8. Ne4 Ndf6 9. Nxf6+ Qxf6 10. dxe5 dxe5 11. Bd2 Bf5 12. Qa4 Qe6 13. Rfd1 Ne7 14. Bb4 0-0 15. Qa3 Rfe8 16. Rac1 Nc8 17. Qe3 g5 18. Nd2 Bh3 19. Ne4 Bxg2 20. Kxg2 f5 21. Nd6 Nxd6 22. Rxd6 Qf7 23. Qd2 Re7 24. Rd1 Bf8 25. b3 Rae8 26. Bc3 Rc7 27. Rd8 c5 28. Rxe8 Qxe8 29. Qd5+ Qf7 30. Qxe5 Bg7 31. Rd8+ Kh7 32. Qxg7+ Qxg7 33. Bxg7 Kxg7 34. Kf3 Rf7 35. h4 Kg6 36. Rd6+ Kh7 37. h5 Kg7 38. Rg6+ Kh7 39. Rd6 Kg7 40. e3 b6 41. Rg6+ Kh7 42. Rd6 Kg7 43. Ke2 f4 44. gxf4 gxf4 45. e4 Re7 46. Kf3 Re5 47. Rd5 1-0

[Event "Wuerttemberg-ch Seniors 15th"]
[Site "Ellwangen"]
[Date "2003.04.19"]
[Round "9"]
[White "Richter, Gerhard"]
[Black "Neumann, Erwin"]
[Result "1/2-1/2"]
[WhiteElo "1858"]
[BlackElo "1827"]
[PlyCount "28"]
[EventDate "2003.04.??"]
[EventType "swiss"]
[EventRounds "9"]
[EventCountry "GER"]
[SourceTitle "EXT 2006"]
[Source "ChessBase"]
[SourceDate "2005.11.24"]
[SourceVersion "1"]
[SourceVersionDate "2005.11.24"]
[SourceQuality "1"]

1. Nf3 Nf6 2. g3 b6 3. Bg2 Bb7 4. d3 d5 5. 0-0 e6 6. Nbd2 Be7 7. b3 0-0 8. Bb2 c5 9. e4 d4 10. a4 Nbd7 11. Nc4 Qc7 12. h3 a6 13. Nh2 b5 14. Nd2 Bc6 1/2-1/2

[Event "Wuerttemberg-ch Seniors 15th"]
[Site "Ellwangen"]
[Date "2003.04.15"]
[Round "5"]
[White "Richter, Gerhard"]
[Black "Fels, Karl Heinz"]
[Result "1-0"]
[WhiteElo "1858"]
[BlackElo "1809"]
[PlyCount "120"]
[EventDate "2003.04.??"]
[EventType "swiss"]
[EventRounds "9"]
[EventCountry "GER"]
[SourceTitle "EXT 2006"]
[Source "ChessBase"]
[SourceDate "2005.11.24"]
[SourceVersion "1"]
[SourceVersionDate "2005.11.24"]
[SourceQuality "1"]

1. e4 e5 2. Nf3 Nc6 3. Bc4 Nf6 4. d3 Be7 5. 0-0 d6 6. c3 0-0 7. Re1 Bg4 8. h3 Bh5 9. Nbd2 Na5 10. Bb5 a6 11. Ba4 b5 12. Bc2 c5 13. Nf1 Qc7 14. Ne3 Rfd8 15. g4 Bg6 16. Nf5 Nc6 17. Qe2 b4 18. Bg5 h6 19. Bd2 a5 20. N3h4 Rab8 21. Nxe7+ Nxe7 22. Bb3 Qd7 23. Qf3 a4 24. Bc4 Kh7 25. cxb4 cxb4 26. Nf5 Bxf5 27. gxf5 Nc6 28. Be3 Na5 29. Rac1 Nxc4 30. dxc4 Qc6 31. Bd2 Rg8 32. Kh2 g5 33. fxg6+ Rxg6 34. Qf5 b3 35. a3 Rbg8 36. f3 Qd7 37. Rg1 Qxf5 38. exf5 Rxg1 39. Rxg1 Rc8 40. Rc1 Nd7 41. Bb4 d5 42. c5 Rc6 43. Kg3 d4 44. f4 f6 45. Kf3 Kg7 46. Ke4 exf4 47. Kxd4 Ne5 48. Kd5 Rc8 49. c6 Nd3 50. Rg1+ Kf7 51. Kd6 Ne5 52. c7 f3 53. Bc5 Ra8 54. Bb6 Nc4+ 55. Kc6 Re8 56. Rd1 Nxb2 57. Rd7+ Re7 58. Rxe7+ Kxe7 59. c8Q Nc4 60. Qe6+ Kf8 1-0

[Event "Wuerttemberg-ch Seniors 15th"]
[Site "Ellwangen"]
[Date "2003.04.11"]
[Round "1"]
[White "Richter, Gerhard"]
[Black "Buss, Richard"]
[Result "1-0"]
[WhiteElo "1858"]
[BlackElo "1368"]
[PlyCount "122"]
[EventDate "2003.04.??"]
[EventType "swiss"]
[EventRounds "9"]
[EventCountry "GER"]
[SourceTitle "EXT 2006"]
[Source "ChessBase"]
[SourceDate "2005.11.24"]
[SourceVersion "1"]
[SourceVersionDate "2005.11.24"]
[SourceQuality "1"]

1. e4 c5 2. Nc3 d6 3. d3 Nc6 4. g3 e5 5. Bg2 Nf6 6. h3 Be6 7. Nf3 h6 8. 0-0 Qd7 9. Kh2 Be7 10. a4 a6 11. Nd2 d5 12. exd5 Nxd5 13. Nxd5 Bxd5 14. Ne4 Nd4 15. f4 exf4 16. Bxf4 0-0 17. Be5 Nc6 18. Bc3 f5 19. Nd2 Bxg2 20. Kxg2 Qd5+ 21. Qf3 Qxf3+ 22. Rxf3 Rf7 23. Raf1 Raf8 24. Nc4 g6 25. Re1 b5 26. axb5 axb5 27. Ne5 Nxe5 28. Rxe5 b4 29. Bd2 g5 30. h4 g4 31. Rf2 Kh7 32. Re6 f4 33. Bxf4 Bd8 34. Rxh6+ Kg7 35. Re6 Kh7 36. Rfe2 Bf6 37. b3 Bd4 38. Re7 Kg6 39. R2e6+ Kf5 40. h5 Rxe7 41. Rxe7 Kf6 42. Re2 Rd8 43. h6 Rd7 44. Be3 Kg6 45. Bxd4 Rxd4 46. Re6+ Kh7 47. Kf2 Rd5 48. Rf6 Re5 49. Rf4 Rg5 50. Ke3 Kxh6 51. Ke4 Kg6 52. Rf8 Kg7 53. Rf5 Rg6 54. Rxc5 Re6+ 55. Kf4 Rb6 56. Kxg4 Kf6 57. Kf4 Ke6 58. g4 Kd6 59. d4 Rb7 60. g5 Ke6 61. Re5+ Kf7 1-0

[Event "Bad Woerishofen Seniors op 19th"]
[Site "Bad Woerishofen"]
[Date "2003.03.21"]
[Round "9"]
[White "Wicklund Hansen, Richard"]
[Black "Richter, Gerhard"]
[Result "1/2-1/2"]
[WhiteElo "2046"]
[BlackElo "1828"]
[PlyCount "142"]
[EventDate "2003.03.13"]
[EventType "swiss"]
[EventRounds "9"]
[EventCountry "GER"]
[SourceTitle "EXT 2004"]
[Source "ChessBase"]
[SourceDate "2003.11.25"]
[SourceVersion "1"]
[SourceVersionDate "2003.11.25"]
[SourceQuality "1"]

1. e4 d6 2. d4 Nf6 3. Bd3 e5 4. d5 Be7 5. Bg5 h6 6. Be3 c6 7. c4 0-0 8. Ne2 Ng4 9. Bd2 cxd5 10. cxd5 Qb6 11. 0-0 Qxb2 12. Nbc3 Qb6 13. h3 Nf6 14. Be3 Qd8 15. Qd2 Nh7 16. f4 Bf6 17. Rac1 Bd7 18. Nb5 Bxb5 19. Bxb5 a6 20. Bd3 Nd7 21. Ng3 exf4 22. Bxf4 Ne5 23. Nh5 Bg5 24. Qc3 Rc8 25. Qxc8 Qxc8 26. Rxc8 Rxc8 27. Bxe5 dxe5 28. Rd1 Rc1 29. Rxc1 Bxc1 30. a4 g6 31. Ng3 Kf8 32. Kf2 Ba3 33. Nf1 Nf6 34. Ne3 Nd7 35. Ke2 Ke7 36. g4 Bc5 37. Nc4 f6 38. Na5 b5 39. axb5 axb5 40. Bxb5 Nb6 41. Nb3 Bb4 42. Nc1 Nc8 43. Nd3 Ba3 44. Ne1 Nd6 45. Bd3 Kd7 46. Nf3 g5 47. Nd2 Bb4 48. Nf1 Bc5 49. Kf3 Ke7 50. Ng3 Kf7 51. Ke2 Bb4 52. Kd1 Ke7 53. Kc2 Be1 54. Nh5 Kf7 55. Kb3 Nc8 56. Kc4 Bf2 57. Kb5 Be1 58. Kc5 Ke7 59. Bb5 Nd6 60. Bd3 Ne8 61. Bc2 Bf2+ 62. Kc6 Be1 63. Ba4 Bb4 64. Ng3 Nd6 65. Bc2 Ba3 66. Bd3 Bb4 67. Ne2 Bd2 68. Ng1 Bb4 69. Nf3 Ba5 70. h4 Bb4 71. hxg5 hxg5 1/2-1/2

[Event "Bad Woerishofen Seniors op 19th"]
[Site "Bad Woerishofen"]
[Date "2003.03.16"]
[Round "4"]
[White "Richter, Gerhard"]
[Black "Helmsen, Franz"]
[Result "1/2-1/2"]
[WhiteElo "1828"]
[BlackElo "2152"]
[PlyCount "40"]
[EventDate "2003.03.13"]
[EventType "swiss"]
[EventRounds "9"]
[EventCountry "GER"]
[SourceTitle "EXT 2004"]
[Source "ChessBase"]
[SourceDate "2003.11.25"]
[SourceVersion "1"]
[SourceVersionDate "2003.11.25"]
[SourceQuality "1"]

1. e4 c5 2. Nf3 d6 3. g3 Nc6 4. Nc3 g6 5. Bg2 Bg7 6. d3 e6 7. Be3 Nge7 8. Qd2 Nd4 9. 0-0 h6 10. Ne2 Nec6 11. c3 Nxe2+ 12. Qxe2 Qa5 13. Kh1 Bd7 14. d4 cxd4 15. Nxd4 0-0-0 16. Nb5 Kb8 17. Nxd6 Rdf8 18. Qb5 Qc7 19. Qe2 Qa5 20. Qb5 Qc7 1/2-1/2